00413nam a2200157Ia 4500003000500000008004100005020001800046040001900064082000700083100002000090245006200110250000600172260004800178546001200226700001700238STCL230729s9999 xx 000 0 und d a9781259006159 aSTCLcSTCLbEN 222 aHall, Douglas V 0aMicroprocessors and interfacing: programming and hardware a3 bTata McGraw Hill EducationaNew Delhic2012 aEnglish aRao, S S S P